Toss a coin to your witcher - The Witcher - Statistics

General Stats
  • This quiz has been taken 59 times
  • The average score is 171 of 240
Answer Stats
Lyrics % Correct
coin
100%
O'
100%
's
100%
't
100%
to
100%
Toss
100%
Witcher
100%
you
100%
a
98%
A
98%
your
98%
of
95%
Plenty
90%
the
90%
Valley
85%
He
80%
With
75%
And
73%
and
73%
so
73%
So
73%
Geralt
70%
be
65%
friend
65%
humanity
65%
in
65%
Rivia
65%
When
65%
when
65%
came
63%
can
63%
on
63%
song
63%
humble
60%
me
60%
my
60%
along
58%
Along
58%
bard
58%
him
58%
this
58%
White
58%
Wolf
58%
devil
55%
His
55%
his
55%
kicked
55%
At
53%
our
53%
Our
53%
ride
53%
teeth
50%
Broke
48%
down
48%
elves
48%
lute
48%
they
48%
They
48%
cried
45%
Graced
45%
horns
45%
it
45%
meat
45%
that
45%
That
45%
fought
43%
give
43%
tender
43%
bleat
40%
elf
40%
From
40%
Minced
40%
rest
40%
ale
38%
army
38%
back
38%
Fight
38%
masterful
38%
tale
38%
after
35%
edge
35%
epic
35%
mighty
35%
pour
35%
silver-tongued
35%
some
35%
up
35%
While
35%
world
35%
champion
33%
chest
33%
deceit
33%
did
33%
Got
33%
out
33%
revel
33%
every
30%
Now
30%
breaks
28%
Defeated
28%
High
28%
mountain
28%
shelf
28%
whence
28%
bashes
25%
brings
25%
hooves
25%
pest
25%
thrust
25%
villain
25%
Far
23%
horde
23%
mourn
23%
prevailed
23%
wiped
23%
No matching quizzes found
Score Distribution
Percent of People with Each Score
Percentile by Number Answered
Your Score History
You have not taken this quiz